000 00479nam a22001697a 4500
999 _c167054
_d167054
010 _aENG-126249
020 _a978-81-907314-2-3
_c80.00
035 _aEN-109781
037 _bDBAD/PUB
082 _a881
100 _aKumar, Ila
245 _aResolution Of Fish/
_cby Ila Kumar
260 _aDelhi
_bK.A Prakashan
_c2019
270 _a434,Ganesh Nagar-II, Street No.2, Shakarpur.
_bDelhi
_e110092
300 _a64p.
_c18cm(pbk)
942 _2ddc
_cEN
_h881
_mKUM